00410nam a2200109Ia 4500008004100000100002900041245007600070260003300146300001700179650001900196856008500215160712s9999 xx 000 0 und d aAustria Jr., Fernando A. cFernando A. Austria Jr.aBeing LGBT: Is It More Fun in the Philippines? c2013bSocial Science Diliman avol. 9 no. 2 xSOCIAL SCIENCE uhttp://journals.upd.edu.ph/index.php/socialsciencediliman/issue/view/405/showToc